000 00452nam a2200169Ia 4500
008 230917s9999||||xx |||||||||||||| ||und||
020 _cGBP49.99
040 _e211347
_aMAIN
041 _aEnglish
082 _a363.250285 G558D
100 _aGogolin, Greg
245 0 _aDigital forensics explained
260 _aBoca Raton
_bCRC Press
_c2013
300 _axxi, 176 p.
500 _a3616 17/10/2013 IN438 21/10/2013 Genetic Innovative
942 _cBK
999 _c32845
_d32845